1493 1821 1513 1263 1894 1898 1628 1584 1205 1204 1456 1781 1078 1504 1613 1219 1844 1460 1222 1375 1886 1936 1489 1113 1516 1895 1179 1344 1333 1683 1835 1051 1942 1035 1234 1279 1683 1634 1735 1867 1064 1223 1436 1501 1415 1714 1085 1929 1277 1191 1375 1631 1687 1230 1011 1673 1858 1319 1463 1062 1003 1128 1542 1117 1021 1331 1781 1455 1227 1889 1783 1315 1457 1935 1455 1800 1774 1548 1986 1135 1976 1404 1428 1223 1545 1894 1674 1970 1844 1052 1902 1757 1780 1991 1972 1772 1591 1703 1034 BCNSPRNW ULIB Ver.6.0+V

เปลี่ยนเป็นภาษาไทย

Change to English
 แสดงรายละเอียดบรรณานุกรม
  กลับหน้าหลัก

Brief Record : Get Marc (ISO 2709) : E-mail record : QR code < ปิดหน้าต่าง
LEADER : 00000nam 2200000uu 4500
001    13399108106
003     ULIB
008    110217s2551||||th 000 0 tha d
020    9749300351
060 04 QU160^bม767ม 2551
245 00 คู่มือฉลาดใช้วิตามิน แร่ธาตุ และสมุนไพร = ^bReader sDigest guide to vitamins, minerals and supplements /^cบรรณาธิการ, เมวิตา วงศ์วิเชียรชัย ; คณะผู้แปล: กิจจา ฤดีขจร ... [และคนอื่นๆ]]
246 31 Reader s Digest guide to vitamins, minerals andsupplements
250    พิมพ์ครั้งที่ 3
260    กรุงเทพฯ :^bรีดเดอร์ส ไดเจสท์,^c2551
300    423 หน้า :^bภาพประกอบสี ;^c27 ซม.
650  7 ผลิตภัณฑ์เสริมอาหาร
650  7 วิตามิน
650  7 วิตามินในโภชนาการมนุษย์
650  7 สมุนไพร
650  7 สารอาหาร^vรวมเรื่อง
700 0  เมวิตา วงศ์วิเชียรชัย,^eบรรณาธิการ
700 0  กิจจา ฤดีขจร,^eผู้แปล
710 2  รีดเดอร์ส ไดเจสท์ (ประเทศไทย)
945    ^p1890^l0^i027526
995    ทศพร
999 ^a ใช้งานได้ทุกระบบ
รายการนี้ยังไม่มีแท็ก
คุณยังไม่ได้ล็อกอิน คุณสามารถมีกิจกรรมร่วมกับเว็บไซต์ได้ แต่ต้องล็อกอินก่อน ::
  ล็อกอิน

รายการสื่อสารสนเทศ

ลำดับที่ ประเภท เลขเรียก/บาร์โค้ด สถานที่ สถานะ
- ไม่พบข้อมูล -

รายการใกล้เคียง
    หัวเรื่อง [ผลิตภัณฑ์เสริมอาหาร]
    หัวเรื่อง [วิตามิน]
    หัวเรื่อง [วิตามินในโภชนาการมนุษย์]
    หัวเรื่อง [สมุนไพร]

BibComment


ยังไม่เคยถูกคอมเมนท์

คอมเมนท์ทรัพยากรรายการนี้
  คอมเมนท์: คู่มือฉลาดใช้วิตา..


 Copyright 2026. Bcnsprnw @Library